000 01322nam a22003977a 4500
001 1932450
003 OSt
005 20210422063057.0
008 860404s1987 cau b 001 0 eng c
010 _a 86007069
020 _a0520056949 (alk. paper)
040 _aDNLM/DLC
_cDLC
_deng
_beng
041 _aeng
050 0 0 _aQP353
_b.C57 1987
060 _aWL 11.1 C597n
080 _a616.8
_bC-59
082 0 0 _a612/.8/09034
_219
100 1 _aClarke, Edwin.
245 1 0 _aNineteenth-century origins of neuroscientific concepts /
_cEdwin Clarke and L.S. Jacyna.
_b/ by: University of California Press
260 _aBerkeley :
_bUniversity of California Press
_cc1987.
300 _a593 p. ; ill.
_c24 cm.
500 _aIncludes index.
504 _aBibliography: p. [474]-572.
650 0 _aNeurophysiology
_xHistory
_y19th century.
650 0 _aNeurology
_9100
650 2 _aNeuroanatomy
_xhistory.
650 2 _aNeurophysiology
_xhistory.
650 2 _aNeurosciences
_xhistory.
653 _aნევროლოგია
653 _aნეიროფიზიოლოგია
653 _aნეიროანატომია
653 _aნეირომეცნიერება
700 1 _aJacyna, L. S.
906 _a7
_bcbc
_corignew
_d1
_eocip
_f19
_gy-gencatlg
942 _2udc
_cBK
999 _c820
_d820